| 000 | 00943nam a22002537a 4500 | ||
|---|---|---|---|
| 003 | NALT | ||
| 005 | 20210804164630.0 | ||
| 008 | s2542 th tha d | ||
| 040 | _aNALT | ||
| 041 | _atha | ||
| 090 | _aว JA83 ก581ป 2542 | ||
| 100 | 0 | _aกำพล แกล้วทนงค์ | |
| 245 | 1 | 0 | _aประชาธิปไตยแบบพอเพียง |
| 260 | 3 |
_aนนทบุรี : _bสถาบันพระปกเกล้า, _c2542 |
|
| 300 |
_a54 หน้า : _b แผนภูมิ, ตาราง ; _c 29 ซม. |
||
| 650 | 0 | 4 | _aGood governance |
| 650 | 0 | 4 | _aการบริหารกิจการบ้านเมืองและสังคมที่ดี |
| 650 | 0 | 4 | _aธรรมรัฐ |
| 650 | 0 | 4 | _aประชาธิปไตย |
| 650 | 0 | 4 | _aประชาสังคม |
| 850 | _aNALT | ||
| 942 |
_cRSH _2lcc |
||
| 998 |
_bBENJALUCK SUTTHIWILAI _j109 _k อารีรัตน์ วิชาช่าง |
||
| 999 |
_c30354 _d30354 |
||